Female Athlete Birth Countries - Statistics

General Stats
  • This quiz has been taken 16 times
  • The average score is 12 of 38
Answer Stats
Athlete Country % Correct
Jessica Ennis-Hill United Kingdom
92%
Kassidy Cook United States
92%
Zhou Yang China
83%
Nadia Comăneci Romania
75%
Katie Ledecky United States
75%
Marta Brazil
67%
Brianne Theisen-Eaton Canada
50%
Katerina Stefanidi Greece
50%
Annemiek van Vleuten Netherlands
50%
Justyna Kowalczyk Poland
50%
Shaunae Miller-Uibo Bahamas
42%
Faith Kipyegon Kenya
42%
Emily Seebohm Australia
33%
Elaine Thompson Jamaica
33%
Lydia Ko South Korea
33%
Cate Campbell Australia
25%
Katja Schroffenegger Italy
25%
Eliza McCartney New Zealand
25%
Giulia Steingruber Switzerland
25%
Aly Raisman United States
25%
Anna Kournikova USSR
25%
Tina Maze Yugoslavia
25%
Afaf El-Hodhod Egypt
17%
Yarden Gerbi Israel
17%
Heidi Weng Norway
17%
Elina Svitolina Ukraine
17%
Gina Lewandowski United States
17%
Anna Sidorova USSR
17%
Reneta Kamberova Bulgaria
8%
Francine Niyonsaba Burundi
8%
Sara Kolak Croatia
8%
Zhazira Zhapparkul Kazakhstan
8%
Pandelela Rinong Malaysia
8%
Carol Galea Malta
8%
Alexandra Raeva Russia
8%
Carolina Marín Spain
8%
Jutatip Maneephan Thailand
8%
Inès Boubakri Tunisia
8%
No matching quizzes found
Score Distribution
Percent of People with Each Score
Percentile by Number Answered
Your Score History
You have not taken this quiz